=LDR 00000nam 2200000 4500 =001 INLIS000000000048530 =005 20161115144732.0 =006 =007 =008 =020 ##$$a 979-3654-06-6 =035 ##$$0010-111600000000109 =082 ##$$a 340-Sut-a =100 ##$$a Bambang Sutiyoso, SH. M.Hum =245 ##$$a Aktualita hukum dalam era reformasi =260 ##$$a Jakarta $b Raja Grafindo Persada $c 2004 =300 ##$$a xviii,350 Hlm $c 21 Cm =850 ##$$a BPAP =990 ##$$a 0001/BPAP-NTB/2016